| 000 | 01793nim a2200385 i 4500 | ||
|---|---|---|---|
| 001 | 197358 | ||
| 003 | ES-MaACL | ||
| 005 | 20250828062631.0 | ||
| 007 | ss lsnjlcipnne | ||
| 008 | 210525s1991 sp nnnn |||| 00| spa d | ||
| 040 |
_bspa _cES-MaACL |
||
| 245 | 0 | 0 |
_aPresentación del libro "Socialismo libertario" de Abraham Guillén _h[Grabación sonora] / _cintervienen José Luis Velasco y David M. Rivas, con la presencia del autor |
| 260 |
_aMadrid : _bAteneo de Madrid, _c1991 |
||
| 300 |
_a1 casete (ca. 90 min) : _bson. ; _c11 cm |
||
| 490 | 1 | _3Actos culturales en el Ateneo de Madrid | |
| 511 | _aIntervienen José Luis Velasco, economista y Editorial Madre Tierra y David M. Rivas, profesor de Estructura Económica y secretario del Ateneo. Contará con la asistencia del autor. | ||
| 518 | _aGrabado el 5 de junio de 1991 en el Salón de Actos del Ateneo de Madrid. | ||
| 520 | _aPresentación del libro "Socialismo libertario" de Abraham Guillén, acto en colaboración con Editorial Madre Tierra. | ||
| 540 | _aDocumento inédito | ||
| 594 | _5Datos basados en la invitación. | ||
| 600 |
_aGuillén, Abraham. _tSocialismo libertario _9240605 |
||
| 610 | 2 | 0 |
_aAteneo de Madrid- _xActos culturales- _y1991- _vGrabaciones sonoras _9240452 |
| 650 | 7 |
_aSocialismo _2embne _917147 |
|
| 653 | _aArchivo de la palabra | ||
| 700 | 1 |
_9113728 _aVelasco, José Luis _eora |
|
| 700 | 1 |
_997554 _aRivas, David M. _eora |
|
| 700 | 0 |
_960757 _aGuillén, Abraham _eora |
|
| 710 | 2 |
_91875 _aAteneo de Madrid _ehis |
|
| 710 | 2 |
_aEditorial Madre Tierra _esht _9240594 |
|
| 830 | 0 |
_aActos culturales en el Ateneo de Madrid _9240237 |
|
| 852 |
_aES-MaACL _cDEPOZ _9205677 |
||
| 942 |
_2udc _n0 _cCINTASAUD |
||
| 999 |
_c197358 _d197358 |
||